| 000 | 00412nam a2200169Ia 4500 | ||
|---|---|---|---|
| 008 | 230524s9999 xx 000 0 und d | ||
| 082 |
_a537.622 _bSWA |
||
| 100 | _aB.B.Swain | ||
| 245 | 0 | _aPhysics of Semiconductor Devices | |
| 250 | _a1 | ||
| 260 |
_aNew Delhi _bSiri Publi. _c2013 |
||
| 300 | _a420p: | ||
| 500 | _aQuantity Number: 1 | ||
| 650 | _aPhysics | ||
| 700 |
_a A.K. Panda _943017 |
||
| 942 | _cBK | ||
| 999 |
_c57960 _d57960 |
||